000 00891cam a22002534a 4500
999 _c7685
_d7685
001 16299940
003 GZU
005 20210512093118.0
008 100624s2011 enka 000 0 eng
010 _a 2010026549
020 _a9780273711735 (pbk.)
040 _aDLC
_cDLC
_dDLC
050 0 0 _aHF5667
_b.D384 2011
082 0 0 _a657/.45
_222
100 1 _aDavies, Marlene.
245 1 0 _aAuditing fundamentals /
_cMarlene Davies and John Aston.
260 _aHarlow, England ;
_aNew York :
_bFinancial Times/Prentice Hall,
_cc2011.
300 _axviii, 305 p. :
_bill. ;
_c24 cm.
650 0 _aAuditing.
700 1 _aAston, John,
_cMBA
906 _a7
_bcbc
_corignew
_d1
_eecip
_f20
_gy-gencatlg
942 _2lcc
_cBK
_h5667
_iDAV
_kHF
_m2011